000 03240cam a2200733 i 4500
999 _c2039
_d2039
001 20917535
003 OSt
005 20230302150715.0
007 ta
008 190404s2014 enka j 000 1 eng d
010 _a 2018287714
015 _aGBB438873
_2bnb
016 7 _a016683857
_2Uk
020 _a9781471145537
_q(paperback)
035 _a(OCoLC)ocn876289824
040 _aUKMGB
_beng
_cUKMGB
_erda
_dAUMCS
_dOCLCQ
_dOCLCO
_dAU@
_dCNGUL
_dNZIPP
_dNZASP
_dIHI
_dNZ1
_dOCLCF
_dOCL
_dAUPTL
_dUKMGB
_dNZBAL
_dOCLCO
_dAZZPT
_dOCLCO
_dDLC
_dKH8
042 _alccopycat
082 0 4 _aFIC RUS
_223
100 1 _aRussell, Rachel Renée,
_eauthor.
245 1 0 _aTV Star /
_cRachel Renée Russell ; with Nikki Russell and Erin Russell.
264 1 _aLondon :
_bSimon & Schuster,
_c2014.
300 _a320 pages :
_billustrations ;
_c20 cm.
336 _atext
_btxt
_2rdacontent
337 _aunmediated
_bn
_2rdamedia
338 _avolume
_bnc
_2rdacarrier
490 1 _aDork diaries
500 _a"Tales from a not-so-fabulous life"--Cover.
500 _aOriginally published as Dork diaries: Tales from a not-so-glam TV star : New York : Aladdin 2014.
520 _a"Nikki is in the spotlight. A reality TV crew will follow her and her friends for the whole month of March as they record their hit song together. But will the excitement also cause unexpected problems, now that cameras are everywhere Nikki and her friends go?"--
_cProvided by publisher.
600 1 0 _aMaxwell, Nikki J.
_vJuvenile fiction.
600 1 7 _aMaxwell, Nikki J.
_2fast
_0(OCoLC)fst02000848
650 0 _aReality television programs
_vJuvenile fiction.
650 0 _aSound recordings
_xProduction and direction
_vJuvenile fiction.
650 0 _aBands (Music)
_vJuvenile fiction.
650 0 _aSingers
_vJuvenile fiction.
650 0 _aFriendship
_vJuvenile fiction.
650 0 _aDiaries
_vJuvenile fiction.
650 1 _aDiaries
_vFiction.
650 1 _aHumorous stories.
650 4 _aMaxwell, Nikki (Fictitious character) - Juvenile fiction.
650 4 _aSingers - Juvenile fiction.
650 4 _aDiary fiction - Juvenile fiction.
650 7 _aBands (Music)
_2fast
_0(OCoLC)fst00826500
650 7 _aDiaries.
_2fast
_0(OCoLC)fst00892657
650 7 _aFriendship.
_2fast
_0(OCoLC)fst00935174
650 7 _aReality television programs.
_2fast
_0(OCoLC)fst01091252
650 7 _aSingers.
_2fast
_0(OCoLC)fst01119301
650 7 _aSound recordings
_xProduction and direction.
_2fast
_0(OCoLC)fst01127057
655 0 _aChildren's stories.
655 4 _aHumerous stories.
655 4 _aDiary fiction.
655 7 _aDiary fiction.
_2fast
_0(OCoLC)fst01726582
655 7 _aFiction.
_2fast
_0(OCoLC)fst01423787
655 7 _aJuvenile works.
_2fast
_0(OCoLC)fst01411637
655 7 _aHumorous fiction.
_2lcgft
655 7 _aDiary fiction.
_2lcgft
700 1 _aRussell, Nikki,
_eauthor.
700 1 _aRussell, Erin,
_eauthor.
700 1 2 _aRussell, Rachel Renée.
_tTales from a not-so-glam TV star.
_icontainer of (work):
800 1 _aRussell, Rachel Renée.
_tDork diaries ;
_vbk. 7.
906 _a7
_bcbc
_ccopycat
_d2
_encip
_f20
_gy-gencatlg
942 _2ddc
_cFIC